[Event "Minsk Kupreichik Memorial rapid"]
[Site "Minsk"]
[Date "2019.08.17"]
[Round "8"]
[White "Svjatocho, Andrej"]
[Black "Nikolaev, Dmitry"]
[Result "1-0"]
[WhiteElo "1995"]
[BlackElo "1677"]
[PlyCount "77"]
[EventDate "2019.08.15"]
[EventType "swiss (rapid)"]
[EventRounds "10"]
[EventCountry "BLR"]
[SourceTitle "CBM 191 Extra"]
[Source "ChessBase"]
[SourceDate "2019.09.30"]
[SourceVersion "1"]
[SourceVersionDate "2019.09.30"]
[SourceQuality "1"]

1. e4 e6 2. d4 d5 3. e5 c5 4. c3 Nc6 5. Nf3 Qb6 6. a3 Nge7 7. dxc5 Qxc5 8. b4 Qb6 9. c4 Ng6 10. Bb2 Bc5 11. Qd2 Be7 12. cxd5 exd5 13. Nc3 Be6 14. Na4 Qd8 15. Bb5 0-0 16. Bxc6 bxc6 17. 0-0 a5 18. Bd4 axb4 19. axb4 Qc7 20. Nc5 Bxc5 21. Bxc5 Rfd8 22. Bd6 Qb7 23. Nd4 Rxa1 24. Rxa1 Ra8 25. Rc1 Bd7 26. f4 Re8 27. Re1 Qa7 28. Bc5 Qb8 29. h3 h5 30. Bd6 Qa7 31. Kh2 h4 32. f5 Nf8 33. Qf4 Qa3 34. Qxh4 Qc3 35. Rf1 Qc4 36. Rf4 g6 37. Bxf8 Rxf8 38. f6 Qxb4 39. Qh6 1-0

[Event "Orsha op"]
[Site "Orsha"]
[Date "2019.01.23"]
[Round "8"]
[White "Nikolaev, Dmitry"]
[Black "Vainerchuk, Barys"]
[Result "0-1"]
[WhiteElo "1634"]
[BlackElo "1907"]
[PlyCount "80"]
[EventDate "2019.01.18"]
[EventType "swiss"]
[EventRounds "9"]
[EventCountry "BLR"]
[SourceTitle "CBM 188 Extra"]
[Source "ChessBase"]
[SourceDate "2019.02.26"]
[SourceVersion "1"]
[SourceVersionDate "2019.02.26"]
[SourceQuality "1"]

1. Nf3 f5 2. g3 Nf6 3. Bg2 g6 4. b3 Bg7 5. Bb2 0-0 6. c4 d6 7. d4 c6 8. 0-0 Qe8 9. Qc2 h6 10. Re1 Qf7 11. Nbd2 a5 12. e4 fxe4 13. Nxe4 Bf5 14. Nh4 Nbd7 15. Nxf6+ Qxf6 16. Nxf5 gxf5 17. f4 Rfe8 18. Re2 e6 19. Rae1 Qf7 20. Qd2 d5 21. cxd5 cxd5 22. Rc1 Nf6 23. Rc5 a4 24. b4 Bf8 25. Rc1 a3 26. Ba1 Qd7 27. Qe1 Kf7 28. Rec2 Rec8 29. b5 Rxc2 30. Rxc2 Rc8 31. Rxc8 Qxc8 32. Qc3 Qd8 33. Kf1 Qb6 34. Qb3 Ne8 35. Kf2 Nd6 36. Bf1 Ne4+ 37. Ke3 Qa5 38. Be2 Qd2+ 39. Kf3 Qe1 40. Qd1 Qf2# 0-1

[Event "Brest Black Pawn H op 2nd"]
[Site "Brest"]
[Date "2018.11.02"]
[Round "2"]
[White "Kasperovich, Mikhail"]
[Black "Nikolaev, Dmitry"]
[Result "0-1"]
[WhiteElo "1208"]
[BlackElo "1634"]
[PlyCount "56"]
[EventDate "2018.11.02"]
[EventType "swiss"]
[EventRounds "5"]
[EventCountry "BLR"]
[SourceTitle "CBM 187 Extra"]
[Source "ChessBase"]
[SourceDate "2018.11.04"]
[SourceVersion "1"]
[SourceVersionDate "2018.11.04"]
[SourceQuality "1"]

1. d4 Nf6 2. c4 g6 3. Nc3 Bg7 4. Nf3 0-0 5. g3 d6 6. Bg2 Nbd7 7. 0-0 c5 8. Bf4 cxd4 9. Nb5 e5 10. Bg5 Nb6 11. c5 dxc5 12. Qc1 a6 13. Na3 Qe7 14. Nc4 Nxc4 15. Qxc4 b5 16. Qc2 Bb7 17. a4 h6 18. Bxf6 Bxf6 19. Rac1 c4 20. Qd2 Rac8 21. axb5 axb5 22. Qa5 b4 23. Bh3 Qc5 24. Qa2 Rc7 25. Nd2 c3 26. bxc3 dxc3 27. Qb1 Qd5 28. Rfd1 Qh1# 0-1